Normal view
MARC view
Entry Personal Name
001 - CONTROL NUMBER
- control field: 46002
003 - CONTROL NUMBER IDENTIFIER
- control field: dpl
005 - DATE AND TIME OF LATEST TRANSACTION
- control field: 20120428165147.0
008 - FIXED-LENGTH DATA ELEMENTS
- fixed length control field: 120428|||a|||||| | ||| d
040 ## - CATALOGING SOURCE
- Original cataloging agency: dpl
- Transcribing agency: dpl
100 ## - HEADING--PERSONAL NAME
- Personal name: Shamsi, Nayyar
670 ## - SOURCE DATA FOUND
- Source citation: Work cat.: (dpl): Shamsi, Nayyar, Human rights in the new world order /, 2004
670 ## - SOURCE DATA FOUND
- Source citation: Work cat.: (dpl): Shamsi, Nayyar, Human rights in the new world order /, 2004
